000 00542nam a2200205Ia 4500
005 20240120113345.0
008 131103s9999 xx 000 0 und d
040 _aLoreto College
041 _aEnglish
082 _a370.1
_bVAN
100 _aVandenberg, Donald
245 _aBeing and Education,
_b
_cDonald Vandenberg
250 _aAn essay in existential phenemenology
260 _aNew Jersey
_bPrentice-Hall
_c1971
300 _ax,228p
504 _aIncludes index
650 _aEducation
850 _aLCLIB
942 _cBK
999 _c19349
_d69828